000
00282nam a22001217a 4500
008
170525b xxu||||| |||| 00| 0 eng d
041
_a
ger
080
_a
621.3
100
_a
26
101
_a
IM
245
_a
ANALYSE UND SYNTHESE VON SCHALTSYSTEMEN
_c
POSPELOV,D.A
942
_2
udc
_c
BK
999
_c
14257
_d
14257